[Event "Main Vogelsberg op 15th"]
[Site "Waechtersbach"]
[Date "2021.10.02"]
[Round "3.19"]
[White "Huck, Robert"]
[Black "Johannes, Manuel"]
[Result "1-0"]
[WhiteElo "1747"]
[BlackElo "1339"]
[PlyCount "61"]
[EventDate "2021.10.01"]
[EventType "swiss"]
[EventRounds "5"]
[EventCountry "GER"]
[SourceTitle "EXT 2023"]
[Source "ChessBase"]
[SourceDate "2022.10.05"]
[SourceVersion "1"]
[SourceVersionDate "2022.10.05"]
[SourceQuality "1"]

1. e4 e6 2. d3 b6 3. Nf3 Bb7 4. g3 g6 5. Bg2 Bg7 6. 0-0 Ne7 7. c3 c5 8. Re1 Nbc6 9. Bf4 d5 10. Nbd2 0-0 11. Qe2 e5 12. exd5 exf4 13. dxc6 Nxc6 14. Rad1 fxg3 15. hxg3 Re8 16. Qxe8+ Qxe8 17. Rxe8+ Rxe8 18. Nb3 a5 19. Nbd2 Ba6 20. Nc4 b5 21. Nd6 Re2 22. Ng5 Ne5 23. f4 Nd7 24. Ngxf7 Rxb2 25. Bd5 Kf8 26. Re1 Nf6 27. g4 Bh6 28. Nxh6 Nxd5 29. Re8+ Kg7 30. g5 c4 31. Rg8# 1-0